Statistiques concernant b36

Cliquez ici pour prendre le quiz!

Statistiques générales

  • Ce quiz a été pris 16 fois
  • Le résultat moyen est 18 sur 40

Statistiques - réponses

HintRéponse% Correct
elle devrait être au litanna
92%
occupant actuel de la chambre clucas
92%
notre livreur de rizlucas
92%
ne sort pas de prépa littéraire ALpolly
92%
elle partage ses toilettesadèle
83%
il vient à minuit le samedi soirjustin
83%
qui est sur la photo de profil insta du compte officiel ?romain
75%
nombre de lanternes d'halloweentrois
67%
leur film préférétwilight
67%
elle habite en dessous de chez nouselora
58%
il a quatre pattes le matin deux le midi et trois le soirl'homme
58%
jour de projectionmercredi
58%
on voit sa chambre depuis notre salonmilio
58%
il nous vole du sel et de la grenadine et nos parapluiespl
58%
anna est aussi inscrite en licence de …sciences du langage
58%
là où on a acheté les décos de noëlaction
50%
couleur de la théièrejaune
50%
le magasin préféré de romainmaxi bazar
50%
ville d'adèle et romainsète
50%
élement chimique qui commence par b en 4 lettresbore
42%
50% de nos repas, justin en a un tupperware réservériz
42%
ce que vous devez faire si vous avez un mauvais pointvaisselle
42%
non ce n'est pas une blague raciste c'est son nomarthur couscous
33%
nom du doudou de pollybob
33%
le plat préféré de romainles chapagetti
33%
aimant sur le frigomamma mia
33%
cadeau de bilalrévélation
33%
leur musique préféréesupershy
33%
sculpture de pollyarc en ciel
25%
pancarte sur le placardc'est la guerre
25%
nom de la plante d'adèleguillaume
25%
c'est une tarte au poulpetielle
25%
elle peut devenir bleueune orange
25%
la coloc d'en face qui met aussi des guirlandesa14
17%
motif du plaid d'adèlecerf
17%
mot de passeslay
17%
url du site internetb36ppc.wixsite.com
8%
animaux qui ont un article dédié sur le sitebeluga et chauve souris
8%
nom de l'enceinte bluetoothBose revolve II Soundlink
8%
de quelle tribu amérindienne les loups-garous descendent-ils ?quileutes
8%

Distribution des résultats

Percentile par nombre de réponses

% des personnes avec chaque résultat

Votre développement - résultats

Vous n’avez pas pris ce quiz